| 000 | 00769nam a22002177a 4500 | ||
|---|---|---|---|
| 999 |
_c16266 _d16266 |
||
| 003 | AR-CdUCM | ||
| 008 | 190502b ||||| |||| 00| 0 spa d | ||
| 040 |
_aMUNICIPALIDAD PROVINCIAL DEL CUSCO _cBIBLIOTECA MUNICIPAL DEL CUSCO |
||
| 082 |
_a343.41 / _bP29 |
||
| 100 |
_aPastor, Reynaldo Alberto _935611 |
||
| 245 |
_aLa legislación y la libertad de imprenta : _bTexto y antecedentes de las constituciones nacional, provinciales y extranjeras / |
||
| 260 |
_aBuenos Aires : _bEdit. Claridad, |
||
| 300 |
_a164 paginas ; _c19 cm. |
||
| 505 | _aContenido :Legislación / | ||
| 650 |
_aLibertad de prensa _98106 |
||
| 650 |
_aDerechos civiles _98397 |
||
| 650 |
_aLegislación _92962 |
||
| 650 |
_aArgentina _9511 |
||
| 942 |
_2ddc _cLIBROS |
||
| 945 |
_arjall _d2019-05-02 |
||